Ranee's guide book recruitment of assistant commandantsgroup 'A' posts in CRPF,BSF,ITBP,SSB: (Record no. 35370)

MARC details
000 -LEADER
fixed length control field 00748nam a22001937a 4500
005 - DATE AND TIME OF LATEST TRANSACTION
control field 20100420141810.0
008 - FIXED-LENGTH DATA ELEMENTS--GENERAL INFORMATION
fixed length control field 100420t xxu||||| |||| 00| 0 eng d
020 ## - INTERNATIONAL STANDARD BOOK NUMBER
Terms of availability 125.00
035 ## - SYSTEM CONTROL NUMBER
System control number A-992749
037 ## - SOURCE OF ACQUISITION
Source of stock number/acquisition Reference
040 ## - CATALOGING SOURCE
Original cataloging agency DPL
082 ## - DEWEY DECIMAL CLASSIFICATION NUMBER
Classification number 000
245 ## - TITLE STATEMENT
Title Ranee's guide book recruitment of assistant commandantsgroup 'A' posts in CRPF,BSF,ITBP,SSB:
Remainder of title be conducted by special selection board,mnistry of home affairs/
260 ## - PUBLICATION, DISTRIBUTION, ETC. (IMPRINT)
Place of publication, distribution, etc New Delhi
Name of publisher, distributor, etc Ranee Publications
Date of publication, distribution, etc 2000
270 ## - ADDRESS
Address 12-H,New Daryaganj Road,New Delhi.
City New Delhi.
Postal code 110002.
300 ## - PHYSICAL DESCRIPTION
Extent various paging,.
Dimensions 24cm.(Hb)
942 ## - ADDED ENTRY ELEMENTS (KOHA)
Source of classification or shelving scheme Dewey Decimal Classification
Item type English Books
Classification part 000
Call number suffix RAN
Holdings
Withdrawn status Lost status Source of classification or shelving scheme Damaged status Not for loan Collection code Home library Current library Date acquired Cost, normal purchase price Total Checkouts Full call number Barcode Date last seen Copy number Cost, replacement price Koha item type
    Dewey Decimal Classification   Not For Loan Non-fiction Central Library Central Library 20/04/2010 125.00   000 RAN A-992749 20/04/2010 1 125.00 English Books

© Delhi Public Library
Hit Counter
free hit counter